00788nam a22002417a 4500003001100000005001700011008004100028020001500069040003900084041000800123082001600131100002600147245006300173260005000236300002600286490002400312650003200336650004100368650002400409942000700433952009100440999001500531LK-CoMWRAF20240120164451.0240120b2001 |||||||| |||| 00| 0 eng d a9558610003 aLK-CoMWRAFdLK-CoMWRAFeLK-CoMWRAF aeng a306.36bWAN aWanasundera, Leelangi aMigrant women domestic workers:bCyprus, Greece, and Italy aColombo:bCentre for Women's Research, c2001 a 232, [1] p. ; 26 cm. aStudy seriesvNo.23 aForeign workers, Sri Lankan aWomen household employees- Sri Lanka aWomen migrant labor cBK 00104070aMAINbMAINd2024-01-20l0o306.36 WANpRAF4796r2024-01-20w2024-01-20yBK c4662d4662